000 01268 a2200217 4500
001 28040
005 20260407155552.0
008 260407a1975 arg spa d
003 AR-UNSa-BCEJYS
040 _aAR-UNSa-BCEJYS
_bspa
_cAR-UNSa-BCEJYS
080 _a343.13
_xProcedimiento penal. Derecho procesal penal
245 1 0 _aManual de derecho procesal penal
_pdoctrina, legislación y jurisprudencia
250 _a3a. ed.
264 1 _aBuenos Aires :
_bPlus Ultra
_c1975
300 _a478 p.
_c23 cm.
505 _a1.Principios generales – 2. Fuentes del derecho procesal – 3. Otras fuentes del derecho procesal – 4. Las formas procesales – 5. Normas procesales – 6. La acción – 7. Jurisdicción y competencia – 8. El proceso – 9. Organización judicial – 10. Magistratura – 11. Capacidad procesal de los órganos jurisdiccionales – 12. El tiempo en el derecho procesal – 13. Situación jurídica del imputado – 14. La instrucción del sumario – 15. La prueba – 16. El juicio – 17. Recursos y procedimientos en segunda instancia – 18. Procedimientos especiales – 19. Juicio penal militar y juicios económicos.
041 _aspa
942 _cBK
590 _aniveau_biblio:m niveau_hierar:0
100 1 _aLevene, Ricardo (h)
999 _c1640
_d1640